00767nam a22001937a 4500003001700000005001700017008004100034020001800075040000700093082002000100100001400120245004600134250000600180260004600186300003000232365006400262520021200326650003500538St Aloysius Coll20260306174916.0260228b |||||||| |||| 00| 0 eng d a9788126539017 cAL a574.19214bCOWI aCowan J A aInorganic biochemistryb: an introduction a2 aNew DelhibWiley -VCH India Pvt Ltdc2025 axiv, 440p.bHBc23.7x16cm 2Generala6272b₹3116.00c₹d₹3995.00e22%f23/02/2026 aFundamentals of inorganic biochemistry; Experimental methods; Transport and storage; Metalloproteins and metalloenzymes; Alkali and alkaline earth metals earth; Metals in the regulation of biochemical events 2Natural SciencesaBiochemistry